000 00973cam a2200253 a 4500
001 1179274
005 20241217122352.0
008 970218s1998 njua b 101 0 eng
020 _a0805815538 (alk. paper)
020 _a0805815546 (pbk. : alk. paper)
050 0 0 _aP118.2
_b.G46 1998
082 0 0 _a418
_221
245 0 4 _aThe generative study of second language acquisition /
_cedited by Suzanne Flynn, Gita Martohardjono, Wayne O'Neil.
260 _aMahwah, N.J. :
_bL. Erlbaum,
_c1998.
300 _axiv, 366 p. :
_bill. ;
_c24 cm.
500 _aPapers presented at a conference held Jan. 1993, Massachusetts Institute of Technology.
650 0 _aSecond language acquisition
_xCongresses.
650 0 _aGenerative grammar
_xCongresses.
700 1 _aFlynn, Suzanne.
700 1 _aMartohardjono, Gita,
_d1956-
700 1 _aO'Neil, Wayne A.
856 4 2 _3Publisher description
_uhttp://www.loc.gov/catdir/enhancements/fy0730/97005955-d.html
942 _2lcc
_cBK
_n0
999 _c2389
_d2389